Parched Earth (Record no. 521699)

000 -LEADER
fixed length control field 00256nam a22000977a 4500
082 ## - DEWEY DECIMAL CLASSIFICATION NUMBER
Classification number TNC Z2x5442 Su16
100 ## - MAIN ENTRY--PERSONAL NAME
Personal name Subramanian, V.
9 (RLIN) 35865
245 ## - TITLE STATEMENT
Title Parched Earth
Remainder of title The Maharashtra Drought (1970-73)
260 ## - PUBLICATION, DISTRIBUTION, ETC. (IMPRINT)
Place of publication, distribution, etc Bombay
Name of publisher, distributor, etc Orient Longman
300 ## - PHYSICAL DESCRIPTION
Extent 640p.
Holdings
Withdrawn status Lost status Source of classification or shelving scheme Damaged status Koha normalized classification for sorting Not for loan Permanent location Current location Date acquired Full call number Barcode Date last seen Price effective from Koha item type
        TNC_Z2X5442_SU16   Indian Institute of Public Administration Indian Institute of Public Administration 2023-02-23 TNC Z2x5442 Su16 GR24183 2023-02-23 2023-02-23 GR

Powered by Koha